000 00817nam a2200229Ia 4500
003 GCL
008 140319s9999 xx 000 0 ara d
040 _aGCL /
_cGCL
082 0 4 _aم
_b553.803
_bا م
100 1 _aالسنجارى , محمد ابن الاكفانى
245 1 0 _aمعجم الاحجار النفيسة وهو نخب الزخائر فى احوال الجواهر /
_cالسنجارى , محمد ابن الاكفانى
260 _aبيروت :
_bمكتبة لبنان ،
_c1991
300 _a193 ص
650 0 4 _aالمعاجم
650 0 4 _aالجيولوجيا
650 0 4 _aالتعريب
650 0 4 _aالجيولوجيا الاقتصادية
650 0 4 _aالجواهر
650 0 4 _aالاحجار الكريمة
650 0 4 _aالمعادن النفيسة
942 _2ddc
_cREF
999 _c59551
_d59551